Pedagogía sociológica : (Record no. 15401)

000 -CABECERA
fixed length control field 00992nam a22002297a 4500
003 - IDENTIFICADOR DEL NÚMERO DE CONTROL
control field AR-CdUCM
008 - DATOS DE LONGITUD FIJA--INFORMACIÓN GENERAL
fixed length control field 190427b ||||| |||| 00| 0 spa d
040 ## - FUENTE DE LA CATALOGACIÓN
Agencia/entidad que catalogó originalmente la obra MUNICIPALIDAD PROVINCIAL DEL CUSCO
Entidad que transcribió la catalogación BIBLIOTECA MUNICIPAL DEL CUSCO
082 ## - NÚMERO DE LA CLASIFICACIÓN DECIMAL DEWEY
No. de Clasificación 372.25 /
Notacion interna R86 / 1915
100 ## - ENTRADA PRINCIPAL--NOMBRE DE PERSONA
Nombre Personal Rouma, Jorge
245 ## - MENCIÓN DE TÍTULO
Título Pedagogía sociológica :
Resto del título los influjos del medio en la educación /
260 ## - PUBLICACIÓN, DISTRIBUCIÓN, ETC.
Lugar de publicación, distribución, etc. Madrid :
Nombre de la editorial, distribuidor, etc. Francisco Beltrán,
Fecha de publicación, distribución, etc. 1915.
300 ## - DESCRIPCIÓN FÍSICA
Nº de Páginas Extensión 318 páginas ;
Otros detalles físicos figuras, tablas,
Dimensiones 22 cm.
440 ## - MENCIÓN DE SERIE/PUNTO DE ACCESO ADICIONAL--TÍTULO
Título Biblioteca Moderna de Filosofía y Ciencias Sociales.
9 (RLIN) 34459
505 ## - NOTA DE CONTENIDO CON FORMATO
Nota de contenido formateada Contenido : Estudio de los influjos en el medio físico -- Estudio de los influjos del medio físico -- La afinidad social -- La afinidad para la agrupación ...
650 ## - PUNTO DE ACCESO ADICIONAL DE MATERIA--TÉRMINO DE MATERIA
Descriptor Psicología de la educación
9 (RLIN) 7331
650 ## - PUNTO DE ACCESO ADICIONAL DE MATERIA--TÉRMINO DE MATERIA
Descriptor Sociología de la educación
9 (RLIN) 10577
650 ## - PUNTO DE ACCESO ADICIONAL DE MATERIA--TÉRMINO DE MATERIA
Descriptor Afinidad social
9 (RLIN) 34460
700 ## - PUNTO DE ACCESO ADICIONAL--NOMBRE DE PERSONA
Nombre Personal Barnés, Domingo (traducción)
9 (RLIN) 34461
942 ## - ELEMENTOS DE PUNTO DE ACCESO ADICIONAL (KOHA)
Fuente de clasificación
Tipo de item Libros-BMC
945 ## - PROCESAMIENTO DE INFORMACIÓN LOCAL (OCLC)
Catalogador achl
AAAA-MM-DD - Fecha de ingreso o modificacion 2019-04-27
Holdings
Estado de retiro (separado) Fuente de clasificación o esquema de estanterías Estado dañado Ubicación Sala donde se ubica Nombre de la colección Fecha de adquisición o compra Costo, precio normal en soles Signatura topográfica Código de Barras Última vez visto (Koha) Tipo de ítem (Koha)
No     Sala Cusco Antiguo Sala Cusco Antiguo Book Cart 2019-04-27 80.00 372.25 / R86 / 1915 SCA0003295 2019-04-27 Libros-BMC

Powered by Koha